| 000 | 00783nam a2200229Ia 4500 | ||
|---|---|---|---|
| 001 | 1676 | ||
| 003 | GE_BSU | ||
| 008 | 181216s||||||||xx |||||||||||||| ||und|| | ||
| 040 | _cGE_BSU | ||
| 080 | _a629(075.8) | ||
| 100 | _aБухарин,Н.А. Прозоров,В.С. Щукин,М.М. | ||
| 245 | _aАвтомобили.Конструкция,нагрузочные режимы,рабочие процессы, прочность агрегатов автомобиля. | ||
| 245 | _bУчебник для студ. вузов. | ||
| 250 | _a2-е изд. доп. и перераб. | ||
| 260 | _aЛ. | ||
| 260 | _bМашиностроение. | ||
| 260 | _c1973. | ||
| 300 | _a504стр. 22см. | ||
| 541 | _h15л. | ||
| 653 | _aАвтомобили. | ||
| 942 | _cBK | ||
| 999 |
_c35792 _d35792 |
||